Planning for solar farms (Record no. 121706)

MARC details
000 -LEADER
fixed length control field 00902nam a22002057a 4500
008 - FIXED-LENGTH DATA ELEMENTS--GENERAL INFORMATION
fixed length control field 231109s2023 xxk|||||o||||o00| 0 eng d
245 ## - TITLE STATEMENT
Title Planning for solar farms
Medium [Electronic resource]
260 ## - PUBLICATION, DISTRIBUTION, ETC.
Place of publication, distribution, etc. London,
Name of publisher, distributor, etc. House of Commons Library,
Date of publication, distribution, etc. 8 November 2023
490 ## - SERIES STATEMENT
Series statement Research Briefing
520 ## - SUMMARY, ETC.
Summary, etc. A House of Commons Library briefing covers planning policy for solar farms in England and the devolved administrations and commentary on the use of agricultural land for solar farms. Paper number 7434
650 ## - SUBJECT ADDED ENTRY--TOPICAL TERM
Topical term or geographic name entry element ENERGY
650 ## - SUBJECT ADDED ENTRY--TOPICAL TERM
Topical term or geographic name entry element SOLAR ENERGY
650 ## - SUBJECT ADDED ENTRY--TOPICAL TERM
Topical term or geographic name entry element SOLAR FARMS
650 ## - SUBJECT ADDED ENTRY--TOPICAL TERM
Topical term or geographic name entry element PLANNING
690 ## - LOCAL SUBJECT ADDED ENTRY--TOPICAL TERM (OCLC, RLIN)
9 (RLIN) 6259
Topical term or geographic name as entry element Planning and development
700 ## - ADDED ENTRY--PERSONAL NAME
Personal name Rankl, Felicia
710 ## - ADDED ENTRY--CORPORATE NAME
9 (RLIN) 1448
Corporate name or jurisdiction name as entry element Parliament. House of Commons. Library
856 ## - ELECTRONIC LOCATION AND ACCESS
Uniform Resource Identifier <a href="https://researchbriefings.files.parliament.uk/documents/CBP-7434/CBP-7434.pdf">https://researchbriefings.files.parliament.uk/documents/CBP-7434/CBP-7434.pdf</a>
Public note Available online at the House of Commons Library
942 ## - ADDED ENTRY ELEMENTS (KOHA)
Source of classification or shelving scheme Dewey Decimal Classification
Holdings
Withdrawn status Lost status Damaged status Not for loan Home library Current library Shelving location Date acquired Total Checkouts Date last seen Price effective from Koha item type
        Virtual Virtual Online 09/11/2023   09/11/2023 09/11/2023 Online material